|
|
|
|
| LEADER |
00000nla2a2200000 4500 |
| 001 |
232850 |
| 005 |
20231031203439.0 |
| 035 |
|
|
|a (RuTPU)RU\TPU\book\253907
|
| 035 |
|
|
|a RU\TPU\book\253903
|
| 090 |
|
|
|a 232850
|
| 100 |
|
|
|a 20130220d2011 k y0rusy50 ca
|
| 101 |
0 |
|
|a rus
|
| 102 |
|
|
|a RU
|
| 105 |
|
|
|a y z 101zy
|
| 135 |
|
|
|a drcn ---uucaa
|
| 181 |
|
0 |
|a i
|
| 182 |
|
0 |
|a b
|
| 200 |
1 |
|
|a Численное исследование вариантов модернизации тангенциальных топок для сжигания топлива угрубленного помола
|b Электронный ресурс
|f Т. М. Бетхер
|
| 203 |
|
|
|a Текст
|c электронный
|
| 215 |
|
|
|a 1 файл (325 Кб)
|
| 230 |
|
|
|a Электронные текстовые данные (1 файл : 325 Кб)
|
| 300 |
|
|
|a Заглавие с титульного листа
|
| 320 |
|
|
|a [Библиогр.: с. 218 (1 назв.)]
|
| 337 |
|
|
|a Adobe Reader
|
| 463 |
|
1 |
|0 (RuTPU)RU\TPU\book\250444
|t Теплофизические основы энергетических технологий
|o сборник научных трудов II Всероссийской научно-практической конференции с международным участием, 6-8 октября 2011 г., Томск
|f Национальный исследовательский Томский политехнический университет (ТПУ) ; ред. коллегия: Г. В. Кузнецова ; А. С. Заворина ; К. В. Бувакова
|v С. [215-218]
|d 2011
|
| 610 |
1 |
|
|a труды учёных ТПУ
|
| 610 |
1 |
|
|a электронный ресурс
|
| 610 |
1 |
|
|a численное исследование
|
| 610 |
1 |
|
|a модернизационные процессы
|
| 610 |
1 |
|
|a тангенциальные топки
|
| 610 |
1 |
|
|a топливо
|
| 610 |
1 |
|
|a размерная зависимость
|
| 610 |
1 |
|
|a сжигание
|
| 700 |
|
1 |
|a Бетхер
|b Т. М.
|c специалист в области парогенераторных установок
|c аспирант, ассистент Томского политехнического университета
|f 1982-
|g Татьяна Михайловна
|2 stltpush
|3 (RuTPU)RU\TPU\pers\29032
|
| 712 |
0 |
2 |
|a Национальный исследовательский Томский политехнический университет (ТПУ)
|c (2009- )
|2 stltpush
|3 (RuTPU)RU\TPU\col\15902
|
| 801 |
|
1 |
|a RU
|b 63413507
|c 20120830
|
| 801 |
|
2 |
|a RU
|b 63413507
|c 20150113
|g RCR
|
| 856 |
4 |
|
|u http://www.lib.tpu.ru/fulltext/c/2011/C02/054.pdf
|
| 942 |
|
|
|c CF
|